000 00289nam a22001217a 4500
020 _a969432162X
082 _a330.15
100 _aM.A. Mannan
245 _aIslamic economics theory and practice
260 _aLahore
_bSh.Muhammad Ashraf publishers
_c2006
300 _a383p
942 _cBK
999 _c3334
_d3334